Chap 4: Le financement de l'économie - Statistiques

Statistiques générales
  • Ce quiz a été pris 124 fois
  • Le résultat moyen est 4 sur 9
Statistiques - réponses
Question Réponse % Correct
Pourquoi l'usage de la monnaie scripturale s'est-il généralisé au XXe siècle ? En raison de la dématérialisation et de l'accroissement des besoins monétaires.
71%
Qu'est-ce qui devient de moins en moins utile au système monétaire au XXe siècle ? L'or
68%
Quels sont les trois rôles simultanés assurés par les banques selon le cours ? Rôle d'intermédiation bancaire, rôle de création monétaire, rôle de mutualisation des risques.
68%
Comment est défini le multiplicateur de crédit dans le contexte de la création monétaire par les banques ? Il indique que les banques peuvent accorder des crédits pour un montant plus élevé que ce qu'elles détiennent en monnaie centrale.
47%
Qu'est-ce que la masse monétaire selon le cours ? Les moyens de paiement détenus à un moment donné par les agents économiques.
35%
Comment se fait la transmission des créances lorsque plusieurs banques sont impliquées ? Par le système de chambres de compensation.
35%
Quels sont les trois rôles de la banque centrale selon le cours ? Emission de la monnaie fiduciaire, respect des règles prudentielles, refinancement des banques.
18%
Que signifie la dématérialisation en relation avec la loi de Gresham ? "la mauvaise monnaie chasse la bonne" La dématérialisation invalide la loi de Gresham.
15%
Qu'est-ce qui fonde la monnaie scripturale, selon le cours ? La richesse des agents économiques.
15%
Aucun quiz correspondant
Distribution des résultats
% des personnes avec chaque résultat
Percentile par nombre de réponses
Votre historique - résultats
Vous n’avez pas pris ce quiz